000 00453pab a2200157 454500
008 180718b1999 xxu||||| |||| 00| 0 eng d
100 _aAnantharaman, R.N.
245 _aHuman resource management practices: perceived organizational and market performance
260 _c1999
300 _ap.191-97
362 _aJul-Dec
650 _aHuman resources development
700 _aRashid, Zabid Abdul
773 _aManagement and Change
909 _a43712
999 _c43712
_d43712